000 00528nmm a2200169Ia 4500
008 251105s9999||||xx |||||||||||||||||und||
020 _a9788437026787
041 _aspa
100 _aOlivert Pellicer, Joaquín
245 0 _aEstructuras de álgebra multilineal
264 _a[Madrid, España] :
_bPublicaciones de la Universidad de Valencia (PUV),
_c1996
300 _a568 páginas
490 _aEducació. Sèrie Materials
650 _aSciences
856 _uhttps://public.digitaliapublishing.com/a/37220
942 _cCF
999 _c82258
_d82258